[Event "DVM U16 2021"]
[Site "Kiel GER"]
[Date "2022.07.23"]
[Round "2"]
[White "Rasch, Lukas"]
[Black "Schauties, Nico Antonio"]
[Result "0-1"]
[Termination "normal"]
[Board "1.4"]
[WhiteElo "1617"]
[BlackElo "1818"]
[WhiteClock "00:29:05"]
[BlackClock "00:08:58"]
[WhiteTeam "Schachfreunde Essen-Katernberg 04/32 e. V."]
[BlackTeam "SV Mattnetz Berlin e.V."]
[PlyCount "96"]
[WhiteFideId "16272072"]
[BlackFideId "16206371"]
[EventCountry "GER"]
[EventRounds "7"]
[EventType "team-swiss"]
[EventDate "2022.07.22"]

1. e4 {[%clk 01:30:55]} {[%emt 00:00:04]} g6 {[%clk 01:30:52]} {[%emt
00:00:09]} 2. Nc3 {[%clk 01:29:24]} {[%emt 00:02:02]} Bg7 {[%clk 01:31:08]}
{[%emt 00:00:14]} 3. Bc4 {[%clk 01:25:24]} {[%emt 00:04:29]} d6 {[%clk
01:30:26]} {[%emt 00:01:12]} 4. f4 {[%clk 01:23:27]} {[%emt 00:02:27]} a6
{[%clk 01:28:02]} {[%emt 00:02:54]} 5. a4 {[%clk 01:19:59]} {[%emt 00:03:58]}
Nc6 {[%clk 01:23:48]} {[%emt 00:04:45]} 6. Nf3 {[%clk 01:12:01]} {[%emt
00:08:27]} Bg4 {[%clk 01:23:14]} {[%emt 00:01:04]} 7. Bxf7+ {[%clk 01:09:22]}
{[%emt 00:03:09]} Kf8 {[%clk 01:20:36]} {[%emt 00:03:09]} 8. Bxg8 {[%clk
01:07:06]} {[%emt 00:02:46]} Rxg8 {[%clk 01:11:07]} {[%emt 00:09:59]} 9. h3
{[%clk 01:04:41]} {[%emt 00:02:54]} Bxf3 {[%clk 01:08:43]} {[%emt 00:02:54]}
10. Qxf3 {[%clk 01:03:09]} {[%emt 00:02:01]} Nd4 {[%clk 01:06:47]} {[%emt
00:02:27]} 11. Qd3 {[%clk 01:01:28]} {[%emt 00:02:10]} c5 {[%clk 01:03:29]}
{[%emt 00:03:47]} 12. b3 {[%clk 00:57:49]} {[%emt 00:04:09]} e6 {[%clk
00:55:45]} {[%emt 00:08:14]} 13. O-O {[%clk 00:44:53]} {[%emt 00:13:26]} Qh4
{[%clk 00:47:34]} {[%emt 00:08:41]} 14. Rb1 {[%clk 00:38:47]} {[%emt 00:06:36]}
Ke7 {[%clk 00:42:22]} {[%emt 00:05:42]} 15. Ne2 {[%clk 00:32:54]} {[%emt
00:06:22]} Rgf8 {[%clk 00:37:20]} {[%emt 00:05:32]} 16. Nxd4 {[%clk 00:32:13]}
{[%emt 00:01:10]} Bxd4+ {[%clk 00:37:37]} {[%emt 00:00:14]} 17. Kh2 {[%clk
00:31:39]} {[%emt 00:01:03]} Rxf4 {[%clk 00:28:08]} {[%emt 00:10:00]} 18. g3
{[%clk 00:12:15]} {[%emt 00:19:54]} Rxf1 {[%clk 00:28:19]} {[%emt 00:00:20]}
19. gxh4 {[%clk 00:12:39]} {[%emt 00:00:05]} Raf8 {[%clk 00:28:38]} {[%emt
00:00:11]} 20. Bb2 {[%clk 00:06:30]} {[%emt 00:06:39]} Bg1+ {[%clk 00:22:49]}
{[%emt 00:06:19]} 21. Kg3 {[%clk 00:04:20]} {[%emt 00:02:40]} Rxb1 {[%clk
00:22:13]} {[%emt 00:01:06]} 22. Bg7 {[%clk 00:04:12]} {[%emt 00:00:38]} Rf7
{[%clk 00:21:03]} {[%emt 00:01:40]} 23. e5 {[%clk 00:03:55]} {[%emt 00:00:47]}
Bf2+ {[%clk 00:01:35]} {[%emt 00:19:57]} 24. Kh2 {[%clk 00:03:19]} {[%emt
00:01:06]} dxe5 {[%clk 00:01:18]} {[%emt 00:00:48]} 25. Bxe5 {[%clk 00:02:57]}
{[%emt 00:00:51]} Bxh4 {[%clk 00:00:57]} {[%emt 00:00:52]} 26. Qd6+ {[%clk
00:02:32]} {[%emt 00:00:55]} Ke8 {[%clk 00:01:18]} {[%emt 00:00:09]} 27. Qb8+
{[%clk 00:02:41]} {[%emt 00:00:22]} Bd8 {[%clk 00:01:27]} {[%emt 00:00:20]} 28.
Qc8 {[%clk 00:01:24]} {[%emt 00:01:47]} Rd7 {[%clk 00:01:10]} {[%emt 00:00:46]}
29. Bf6 {[%clk 00:00:46]} {[%emt 00:01:08]} Rxd2+ {[%clk 00:01:10]} {[%emt
00:00:30]} 30. Kg3 {[%clk 00:01:13]} {[%emt 00:00:03]} Rg1+ {[%clk 00:01:12]}
{[%emt 00:00:28]} 31. Kf4 {[%clk 00:01:38]} {[%emt 00:00:05]} Rf2+ {[%clk
00:01:15]} {[%emt 00:00:27]} 32. Ke5 {[%clk 00:01:54]} {[%emt 00:00:15]} Rxf6
{[%clk 00:01:19]} {[%emt 00:00:25]} 33. Qxb7 {[%clk 00:01:53]} {[%emt
00:00:31]} Re1+ {[%clk 00:00:34]} {[%emt 00:01:15]} 34. Kd6 {[%clk 00:02:23]}
e5+ {[%clk 00:00:49]} {[%emt 00:00:15]} 35. Kd5 {[%clk 00:02:19]} {[%emt
00:00:34]} Be7 {[%clk 00:00:32]} {[%emt 00:00:47]} 36. Qc8+ {[%clk 00:02:02]}
{[%emt 00:00:46]} Kf7 {[%clk 00:01:01]} {[%emt 00:00:01]} 37. Qh8 {[%clk
00:02:25]} {[%emt 00:00:07]} Rd6+ {[%clk 00:00:44]} {[%emt 00:00:46]} 38. Kc4
{[%clk 00:02:54]} {[%emt 00:00:02]} Re4+ {[%clk 00:00:51]} {[%emt 00:00:23]}
39. Kc3 {[%clk 00:03:19]} {[%emt 00:00:05]} Re3+ {[%clk 00:01:16]} {[%emt
00:00:05]} 40. Kb2 {[%clk 00:03:48]} {[%emt 00:00:01]} Rxh3 {[%clk 00:01:30]}
{[%emt 00:00:16]} 41. Kb1 {[%clk 00:03:33]} {[%emt 00:00:45]} Rh1+ {[%clk
00:00:46]} {[%emt 00:01:14]} 42. Ka2 {[%clk 00:03:59]} {[%emt 00:00:04]} Rdd1
{[%clk 00:30:14]} {[%emt 00:01:02]} 43. b4 {[%clk 00:33:30]} {[%emt 00:00:59]}
Ra1+ {[%clk 00:14:28]} {[%emt 00:16:16]} 44. Kb3 {[%clk 00:32:51]} {[%emt
00:01:09]} cxb4 {[%clk 00:11:03]} {[%emt 00:03:56]} 45. Qa8 {[%clk 00:31:54]}
{[%emt 00:01:26]} Ra3+ {[%clk 00:09:02]} {[%emt 00:02:32]} 46. Kc4 {[%clk
00:31:40]} {[%emt 00:00:43]} Rc3+ {[%clk 00:08:58]} {[%emt 00:00:34]} 47. Kd5
{[%clk 00:32:07]} {[%emt 00:00:03]} Rh4 {[%clk 00:08:58]} {[%emt 00:00:30]} 48.
Qg8+ {[%clk 00:29:05]} {[%emt 00:03:33]} Kxg8 {[%emt 00:00:08]} 0-1

[Event "DVM U16 2021"]
[Site "Kiel GER"]
[Date "2022.07.23"]
[Round "2"]
[White "Lauterbach, Kolja"]
[Black "Weihrauch, Jakob"]
[Result "0-1"]
[Termination "normal"]
[Board "2.1"]
[WhiteElo "1663"]
[BlackElo "2183"]
[WhiteClock "00:55:12"]
[BlackClock "00:03:28"]
[WhiteTeam "SK Freiburg-Zähringen 1887 e.V."]
[BlackTeam "Hamburger SK von 1830 eV"]
[PlyCount "56"]
[WhiteFideId "16235916"]
[BlackFideId "16210115"]
[EventCountry "GER"]
[EventRounds "7"]
[EventType "team-swiss"]
[EventDate "2022.07.22"]

1. e4 {[%clk 01:30:57]} {[%emt 00:00:01]} c5 {[%clk 01:30:55]} {[%emt
00:00:06]} 2. d3 {[%clk 01:31:22]} {[%emt 00:00:05]} Nc6 {[%clk 01:30:39]}
{[%emt 00:00:46]} 3. f4 {[%clk 01:31:45]} {[%emt 00:00:07]} e6 {[%clk
01:28:36]} {[%emt 00:02:33]} 4. Nf3 {[%clk 01:31:59]} {[%emt 00:00:16]} d5
{[%clk 01:28:08]} {[%emt 00:00:58]} 5. Be2 {[%clk 01:31:27]} {[%emt 00:01:01]}
g6 {[%clk 01:25:49]} {[%emt 00:02:49]} 6. O-O {[%clk 01:31:39]} {[%emt
00:00:19]} Bg7 {[%clk 01:26:10]} {[%emt 00:00:09]} 7. c3 {[%clk 01:30:22]}
{[%emt 00:01:47]} Nge7 {[%clk 01:24:16]} {[%emt 00:02:24]} 8. Be3 {[%clk
01:26:28]} {[%emt 00:04:24]} b6 {[%clk 01:20:23]} {[%emt 00:04:23]} 9. Qe1
{[%clk 01:21:34]} {[%emt 00:05:24]} Ba6 {[%clk 01:17:08]} {[%emt 00:03:45]} 10.
e5 {[%clk 01:12:54]} {[%emt 00:09:11]} d4 {[%clk 01:13:08]} {[%emt 00:04:29]}
11. cxd4 {[%clk 01:13:13]} {[%emt 00:00:11]} Nf5 {[%clk 01:03:16]} {[%emt
00:10:22]} 12. Qf2 {[%clk 01:13:06]} {[%emt 00:00:37]} cxd4 {[%clk 00:54:24]}
{[%emt 00:09:23]} 13. Bd2 {[%clk 01:13:22]} {[%emt 00:00:13]} Bf8 {[%clk
00:52:49]} {[%emt 00:02:04]} 14. Na3 {[%clk 01:09:50]} {[%emt 00:04:02]} Rc8
{[%clk 00:40:17]} {[%emt 00:13:03]} 15. g4 {[%clk 01:03:48]} {[%emt 00:06:31]}
Ne3 {[%clk 00:40:00]} {[%emt 00:00:47]} 16. Nh4 {[%clk 01:02:17]} {[%emt
00:02:01]} Be7 {[%clk 00:34:51]} {[%emt 00:05:40]} 17. Ng2 {[%clk 01:01:19]}
{[%emt 00:01:27]} Nxf1 {[%clk 00:34:02]} {[%emt 00:01:20]} 18. Rxf1 {[%clk
01:01:43]} {[%emt 00:00:06]} Nb4 {[%clk 00:25:27]} {[%emt 00:09:05]} 19. f5
{[%clk 00:55:14]} {[%emt 00:06:59]} Nxd3 {[%clk 00:11:48]} {[%emt 00:14:09]}
20. Bxd3 {[%clk 00:55:34]} {[%emt 00:00:10]} Bxd3 {[%clk 00:12:12]} {[%emt
00:00:06]} 21. fxe6 {[%clk 00:55:59]} {[%emt 00:00:05]} fxe6 {[%clk 00:09:55]}
{[%emt 00:02:47]} 22. Qf7+ {[%clk 00:56:20]} {[%emt 00:00:08]} Kd7 {[%clk
00:10:23]} {[%emt 00:00:03]} 23. Nf4 {[%clk 00:56:42]} {[%emt 00:00:08]} Bxf1
{[%clk 00:10:29]} {[%emt 00:00:24]} 24. Qxe6+ {[%clk 00:57:02]} {[%emt
00:00:10]} Kc7 {[%clk 00:06:56]} {[%emt 00:04:02]} 25. Nd5+ {[%clk 00:57:17]}
{[%emt 00:00:16]} Kb7 {[%clk 00:06:47]} {[%emt 00:00:38]} 26. Nxe7 {[%clk
00:57:04]} {[%emt 00:00:44]} Rc7 {[%clk 00:04:14]} {[%emt 00:03:03]} 27. Nd5
{[%clk 00:57:22]} {[%emt 00:00:12]} Re8 {[%clk 00:03:41]} {[%emt 00:01:03]} 28.
Qd6 {[%clk 00:55:12]} {[%emt 00:02:39]} Rd7 {[%clk 00:03:28]} {[%emt 00:00:43]}
0-1

[Event "DVM U16 2021"]
[Site "Kiel GER"]
[Date "2022.07.23"]
[Round "2"]
[White "Kort, Felix"]
[Black "Miller, Konstantin"]
[Result "1-0"]
[Termination "normal"]
[Board "2.2"]
[WhiteElo "1858"]
[BlackElo "1790"]
[WhiteClock "00:48:26"]
[BlackClock "00:26:22"]
[WhiteTeam "Hamburger SK von 1830 eV"]
[BlackTeam "SK Freiburg-Zähringen 1887 e.V."]
[PlyCount "51"]
[WhiteFideId "16220129"]
[BlackFideId "34628380"]
[EventCountry "GER"]
[EventRounds "7"]
[EventType "team-swiss"]
[EventDate "2022.07.22"]

1. d4 {[%clk 01:30:57]} {[%emt 00:00:02]} d5 {[%clk 01:30:52]} {[%emt
00:00:08]} 2. c4 {[%clk 01:31:22]} {[%emt 00:00:05]} e6 {[%clk 01:31:14]}
{[%emt 00:00:09]} 3. Nc3 {[%clk 01:31:46]} {[%emt 00:00:06]} Nf6 {[%clk
01:31:38]} {[%emt 00:00:05]} 4. cxd5 {[%clk 01:32:11]} {[%emt 00:00:05]} exd5
{[%clk 01:32:05]} {[%emt 00:00:04]} 5. Bg5 {[%clk 01:32:35]} {[%emt 00:00:06]}
Be7 {[%clk 01:31:08]} {[%emt 00:01:26]} 6. e3 {[%clk 01:32:55]} {[%emt
00:00:10]} c6 {[%clk 01:31:24]} {[%emt 00:00:15]} 7. Bd3 {[%clk 01:33:18]}
{[%emt 00:00:06]} O-O {[%clk 01:31:18]} {[%emt 00:00:37]} 8. Nge2 {[%clk
01:33:20]} {[%emt 00:00:28]} Nbd7 {[%clk 01:30:56]} {[%emt 00:00:52]} 9. O-O
{[%clk 01:33:40]} {[%emt 00:00:09]} Re8 {[%clk 01:31:06]} {[%emt 00:00:20]} 10.
Qc2 {[%clk 01:34:03]} {[%emt 00:00:07]} Nf8 {[%clk 01:31:09]} {[%emt 00:00:28]}
11. f3 {[%clk 01:34:19]} {[%emt 00:00:14]} c5 {[%clk 01:20:52]} {[%emt
00:10:46]} 12. Bxf6 {[%clk 01:19:49]} {[%emt 00:15:00]} Bxf6 {[%clk 01:20:39]}
{[%emt 00:00:43]} 13. dxc5 {[%emt 00:05:12]} Rxe3 {[%clk 01:17:35]} {[%emt
00:02:41]} 14. Rad1 {[%clk 01:14:12]} {[%emt 00:02:18]} Bxc3 {[%clk 00:56:53]}
{[%emt 00:21:12]} 15. Nxc3 {[%clk 01:11:30]} {[%emt 00:03:12]} Qa5 {[%clk
00:55:46]} {[%emt 00:01:37]} 16. Nxd5 {[%clk 01:05:40]} {[%emt 00:06:21]} Re5
{[%clk 00:55:44]} {[%emt 00:00:32]} 17. b4 {[%clk 01:05:47]} {[%emt 00:00:22]}
Qd8 {[%clk 00:51:39]} {[%emt 00:04:34]} 18. Nb6 {[%clk 00:57:35]} {[%emt
00:08:43]} Qc7 {[%clk 00:36:01]} {[%emt 00:16:08]} 19. Nxa8 {[%clk 00:56:56]}
{[%emt 00:01:09]} Qb8 {[%clk 00:36:24]} {[%emt 00:00:08]} 20. Rfe1 {[%clk
00:54:02]} {[%emt 00:03:23]} Rh5 {[%clk 00:36:36]} {[%emt 00:00:17]} 21. g3
{[%clk 00:53:22]} {[%emt 00:01:10]} Be6 {[%clk 00:33:32]} {[%emt 00:03:35]} 22.
Bc4 {[%clk 00:51:06]} {[%emt 00:02:46]} Qxa8 {[%clk 00:33:18]} {[%emt
00:00:44]} 23. Bxe6 {[%clk 00:50:27]} {[%emt 00:01:10]} Nxe6 {[%clk 00:33:41]}
{[%emt 00:00:06]} 24. Rd7 {[%clk 00:48:08]} {[%emt 00:02:49]} Ng5 {[%clk
00:27:02]} {[%emt 00:07:09]} 25. Qd3 {[%clk 00:48:05]} {[%emt 00:00:32]} Nh3+
{[%clk 00:26:22]} {[%emt 00:01:11]} 26. Kg2 {[%clk 00:48:26]} {[%emt 00:00:09]}
1-0

[Event "DVM U16 2021"]
[Site "Kiel GER"]
[Date "2022.07.23"]
[Round "2"]
[White "Miller, Lysander"]
[Black "Huo, Da"]
[Result "0-1"]
[Termination "normal"]
[Board "2.3"]
[WhiteElo "1625"]
[BlackElo "1858"]
[WhiteClock "01:08:35"]
[BlackClock "00:00:53"]
[WhiteTeam "SK Freiburg-Zähringen 1887 e.V."]
[BlackTeam "Hamburger SK von 1830 eV"]
[PlyCount "70"]
[WhiteFideId "34628398"]
[BlackFideId "16221206"]
[EventCountry "GER"]
[EventRounds "7"]
[EventType "team-swiss"]
[EventDate "2022.07.22"]

1. e4 {[%clk 01:30:58]} {[%emt 00:00:01]} c5 {[%clk 01:30:56]} {[%emt
00:00:05]} 2. Nc3 {[%clk 01:31:23]} {[%emt 00:00:04]} Nc6 {[%clk 01:30:50]}
{[%emt 00:00:36]} 3. f4 {[%clk 01:31:48]} {[%emt 00:00:04]} g6 {[%clk
01:30:59]} {[%emt 00:00:22]} 4. Nf3 {[%clk 01:32:08]} {[%emt 00:00:09]} Bg7
{[%clk 01:31:24]} {[%emt 00:00:06]} 5. Bb5 {[%clk 01:32:34]} {[%emt 00:00:03]}
Nd4 {[%clk 01:29:16]} {[%emt 00:02:39]} 6. O-O {[%clk 01:32:48]} {[%emt
00:00:15]} e6 {[%clk 01:29:06]} {[%emt 00:00:40]} 7. Be2 {[%clk 01:32:45]}
{[%emt 00:00:33]} a6 {[%clk 01:28:02]} {[%emt 00:01:35]} 8. d3 {[%clk
01:33:04]} {[%emt 00:00:10]} Ne7 {[%clk 01:28:27]} {[%emt 00:00:05]} 9. e5
{[%clk 01:32:43]} {[%emt 00:00:51]} O-O {[%clk 01:20:06]} {[%emt 00:08:51]} 10.
Ne4 {[%clk 01:30:31]} {[%emt 00:02:43]} Qc7 {[%clk 01:17:48]} {[%emt 00:02:48]}
11. c3 {[%clk 01:30:38]} {[%emt 00:00:23]} Nxe2+ {[%clk 01:17:47]} {[%emt
00:00:31]} 12. Qxe2 {[%clk 01:30:52]} {[%emt 00:00:15]} b6 {[%clk 01:14:58]}
{[%emt 00:03:20]} 13. Be3 {[%clk 01:31:07]} {[%emt 00:00:14]} Bb7 {[%clk
01:11:20]} {[%emt 00:04:08]} 14. Nfd2 {[%clk 01:31:05]} {[%emt 00:00:31]} Nf5
{[%clk 01:04:25]} {[%emt 00:07:26]} 15. g4 {[%clk 01:27:29]} {[%emt 00:04:06]}
Nxe3 {[%clk 01:03:27]} {[%emt 00:01:29]} 16. Qxe3 {[%clk 01:27:44]} {[%emt
00:00:14]} Bxe4 {[%clk 00:40:05]} {[%emt 00:23:53]} 17. Nxe4 {[%clk 01:27:51]}
{[%emt 00:00:22]} f5 {[%clk 00:37:30]} {[%emt 00:03:06]} 18. Nd6 {[%clk
01:25:26]} {[%emt 00:02:54]} fxg4 {[%clk 00:17:02]} {[%emt 00:20:58]} 19. Qg3
{[%clk 01:25:26]} {[%emt 00:00:30]} Qd8 {[%clk 00:16:17]} {[%emt 00:01:15]} 20.
Qxg4 {[%clk 01:25:12]} {[%emt 00:00:44]} Qe7 {[%clk 00:14:06]} {[%emt
00:02:41]} 21. h4 {[%clk 01:25:16]} {[%emt 00:00:27]} h5 {[%clk 00:09:05]}
{[%emt 00:05:31]} 22. Qg3 {[%clk 01:21:01]} {[%emt 00:04:44]} Kh7 {[%clk
00:08:42]} {[%emt 00:00:54]} 23. Kh2 {[%clk 01:20:42]} {[%emt 00:00:48]} Bh8
{[%clk 00:04:14]} {[%emt 00:04:58]} 24. Rg1 {[%clk 01:19:53]} {[%emt 00:01:19]}
Rg8 {[%clk 00:04:15]} {[%emt 00:00:29]} 25. Qh3 {[%clk 01:16:21]} {[%emt
00:04:02]} Raf8 {[%emt 00:00:18]} 26. Raf1 {[%clk 01:16:40]} {[%emt 00:00:08]}
Rxf4 {[%clk 00:04:03]} {[%emt 00:00:58]} 27. Ne4 {[%clk 01:15:31]} {[%emt
00:01:38]} Bxe5 {[%clk 00:03:48]} {[%emt 00:00:45]} 28. Ng5+ {[%clk 01:14:59]}
{[%emt 00:01:03]} Kh6 {[%clk 00:04:05]} {[%emt 00:00:13]} 29. Kh1 {[%clk
01:14:34]} {[%emt 00:00:55]} Rgf8 {[%clk 00:03:22]} {[%emt 00:01:13]} 30. Qe3
{[%clk 01:13:32]} {[%emt 00:01:31]} Rxh4+ {[%clk 00:01:14]} {[%emt 00:02:39]}
31. Nh3+ {[%clk 01:13:51]} {[%emt 00:00:10]} Bf4 {[%clk 00:01:36]} {[%emt
00:00:09]} 32. Qf3 {[%clk 01:10:46]} {[%emt 00:03:34]} e5 {[%clk 00:01:30]}
{[%emt 00:00:37]} 33. Rg3 {[%clk 01:10:11]} {[%emt 00:01:04]} Qe6 {[%clk
00:00:59]} {[%emt 00:01:02]} 34. Kg2 {[%clk 01:09:09]} {[%emt 00:01:31]} Rf6
{[%clk 00:00:50]} {[%emt 00:00:40]} 35. Qa8 {[%clk 01:08:35]} {[%emt 00:01:02]}
Qc6+ {[%clk 00:00:53]} {[%emt 00:00:28]} 0-1

[Event "DVM U16 2021"]
[Site "Kiel GER"]
[Date "2022.07.23"]
[Round "2"]
[White "Reyes-Mantilla, Andrés Mauricio"]
[Black "Trimpin, Fynn"]
[Result "1-0"]
[Termination "normal"]
[Board "2.4"]
[WhiteElo "1614"]
[BlackElo "1437"]
[WhiteClock "00:17:54"]
[BlackClock "00:46:28"]
[WhiteTeam "Hamburger SK von 1830 eV"]
[BlackTeam "SK Freiburg-Zähringen 1887 e.V."]
[PlyCount "67"]
[WhiteFideId "4467248"]
[BlackFideId "16255500"]
[EventCountry "GER"]
[EventRounds "7"]
[EventType "team-swiss"]
[EventDate "2022.07.22"]

1. e4 {[%clk 01:30:26]} {[%emt 00:00:33]} e5 {[%clk 01:30:48]} {[%emt
00:00:13]} 2. Nf3 {[%clk 01:30:52]} {[%emt 00:00:05]} Nc6 {[%clk 01:30:55]}
{[%emt 00:00:22]} 3. Bb5 {[%clk 01:31:18]} {[%emt 00:00:04]} Nf6 {[%clk
01:28:59]} {[%emt 00:02:26]} 4. d3 {[%clk 01:31:44]} {[%emt 00:00:04]} d6
{[%clk 01:27:11]} {[%emt 00:02:18]} 5. c3 {[%clk 01:05:53]} {[%emt 00:26:21]}
Be7 {[%clk 01:24:40]} {[%emt 00:03:01]} 6. Nbd2 {[%clk 01:04:56]} {[%emt
00:01:27]} O-O {[%clk 01:23:30]} {[%emt 00:01:40]} 7. O-O {[%clk 01:04:44]}
{[%emt 00:00:41]} Be6 {[%clk 01:19:38]} {[%emt 00:04:22]} 8. Re1 {[%clk
01:03:26]} {[%emt 00:01:49]} a6 {[%clk 01:18:15]} {[%emt 00:01:53]} 9. Ba4
{[%clk 00:57:34]} {[%emt 00:06:22]} Nh5 {[%clk 01:11:35]} {[%emt 00:07:10]} 10.
d4 {[%clk 00:55:00]} {[%emt 00:03:05]} d5 {[%clk 01:01:50]} {[%emt 00:10:14]}
11. Bxc6 {[%clk 00:53:33]} {[%emt 00:01:57]} bxc6 {[%clk 01:01:05]} {[%emt
00:01:14]} 12. Nxe5 {[%clk 00:53:48]} {[%emt 00:00:16]} Nf4 {[%clk 00:56:30]}
{[%emt 00:05:04]} 13. Nxc6 {[%clk 00:46:57]} {[%emt 00:07:21]} Qd6 {[%clk
00:55:18]} {[%emt 00:01:43]} 14. Nxe7+ {[%clk 00:44:51]} {[%emt 00:02:37]} Qxe7
{[%clk 00:54:57]} {[%emt 00:00:50]} 15. Nf1 {[%clk 00:34:49]} {[%emt 00:10:32]}
Qf6 {[%clk 00:53:29]} {[%emt 00:01:58]} 16. e5 {[%clk 00:33:18]} {[%emt
00:02:01]} Qf5 {[%clk 00:49:43]} {[%emt 00:04:16]} 17. Ng3 {[%clk 00:31:57]}
{[%emt 00:01:50]} Qg5 {[%emt 00:02:44]} 18. Qf3 {[%clk 00:30:44]} {[%emt
00:01:41]} Bg4 {[%clk 00:46:12]} {[%emt 00:01:50]} 19. Bxf4 {[%clk 00:29:15]}
{[%emt 00:01:59]} Bxf3 {[%clk 00:46:18]} {[%emt 00:00:24]} 20. Bxg5 {[%clk
00:29:44]} Bg4 {[%clk 00:46:25]} {[%emt 00:00:23]} 21. h3 {[%clk 00:27:25]}
{[%emt 00:02:49]} Be6 {[%clk 00:46:35]} {[%emt 00:00:20]} 22. f4 {[%clk
00:26:53]} {[%emt 00:01:01]} h6 {[%clk 00:46:22]} {[%emt 00:00:44]} 23. Be7
{[%clk 00:26:40]} {[%emt 00:00:43]} Rfe8 {[%clk 00:46:42]} {[%emt 00:00:10]}
24. Ba3 {[%clk 00:27:05]} {[%emt 00:00:05]} Rab8 {[%clk 00:47:01]} {[%emt
00:00:11]} 25. f5 {[%clk 00:26:28]} {[%emt 00:01:07]} Bd7 {[%clk 00:47:17]}
{[%emt 00:00:14]} 26. Re2 {[%clk 00:22:59]} {[%emt 00:03:58]} Rb6 {[%clk
00:47:03]} {[%emt 00:00:45]} 27. Rae1 {[%clk 00:20:43]} {[%emt 00:02:46]} g6
{[%clk 00:46:45]} {[%emt 00:00:48]} 28. fxg6 {[%clk 00:19:22]} {[%emt
00:01:51]} Rxg6 {[%clk 00:46:51]} {[%emt 00:00:24]} 29. Nh5 {[%clk 00:19:18]}
{[%emt 00:00:34]} Kh8 {[%clk 00:46:07]} {[%emt 00:01:14]} 30. Nf6 {[%clk
00:17:17]} {[%emt 00:02:31]} Rd8 {[%clk 00:45:38]} {[%emt 00:00:58]} 31. Nxd7
{[%clk 00:16:48]} {[%emt 00:00:59]} Rxd7 {[%clk 00:45:52]} {[%emt 00:00:17]}
32. e6 {[%clk 00:17:16]} {[%emt 00:00:02]} fxe6 {[%clk 00:46:11]} {[%emt
00:00:11]} 33. Rxe6 {[%clk 00:17:45]} {[%emt 00:00:01]} Rdg7 {[%clk 00:46:28]}
{[%emt 00:00:13]} 34. Rxg6 {[%clk 00:17:54]} {[%emt 00:00:20]} 1-0

[Event "DVM U16 2021"]
[Site "Kiel GER"]
[Date "2022.07.23"]
[Round "2"]
[White "Weidemann, Jakob"]
[Black "Cilo, Selimhan"]
[Result "1-0"]
[Termination "normal"]
[Board "3.1"]
[WhiteElo "2092"]
[BlackElo "1500"]
[WhiteClock "00:53:57"]
[BlackClock "00:08:22"]
[WhiteTeam "Schachklub Münster 32 e. V."]
[BlackTeam "SF 1876 Göppingen"]
[PlyCount "45"]
[WhiteFideId "16255470"]
[BlackFideId "16246756"]
[EventCountry "GER"]
[EventRounds "7"]
[EventType "team-swiss"]
[EventDate "2022.07.22"]

1. e4 {[%clk 01:30:56]} {[%emt 00:00:03]} e5 {[%clk 01:30:53]} {[%emt
00:00:08]} 2. Nf3 {[%clk 01:31:17]} {[%emt 00:00:09]} Nc6 {[%clk 01:31:17]}
{[%emt 00:00:06]} 3. Bc4 {[%clk 01:31:39]} {[%emt 00:00:07]} Nf6 {[%clk
01:31:41]} {[%emt 00:00:07]} 4. d3 {[%clk 01:32:00]} {[%emt 00:00:09]} h6
{[%clk 01:32:00]} {[%emt 00:00:10]} 5. O-O {[%clk 01:32:15]} {[%emt 00:00:15]}
d6 {[%clk 01:32:03]} {[%emt 00:00:28]} 6. c3 {[%clk 01:32:09]} {[%emt
00:00:36]} g5 {[%clk 01:32:15]} {[%emt 00:00:18]} 7. a4 {[%clk 01:31:14]}
{[%emt 00:01:24]} g4 {[%clk 01:30:45]} {[%emt 00:02:01]} 8. Nfd2 {[%clk
01:31:31]} {[%emt 00:00:13]} h5 {[%clk 01:30:40]} {[%emt 00:00:35]} 9. Re1
{[%clk 01:31:16]} {[%emt 00:00:44]} Bg7 {[%clk 01:29:46]} {[%emt 00:01:25]} 10.
Na3 {[%clk 01:31:13]} {[%emt 00:00:33]} h4 {[%clk 01:25:01]} {[%emt 00:05:15]}
11. Nf1 {[%clk 01:31:08]} {[%emt 00:00:34]} h3 {[%clk 01:15:33]} {[%emt
00:09:59]} 12. g3 {[%clk 01:29:44]} {[%emt 00:01:54]} Bd7 {[%clk 01:09:04]}
{[%emt 00:06:59]} 13. Ne3 {[%clk 01:26:22]} {[%emt 00:03:51]} Qe7 {[%clk
01:06:16]} {[%emt 00:03:18]} 14. b4 {[%clk 01:23:03]} {[%emt 00:03:49]} Bh6
{[%clk 01:00:14]} {[%emt 00:06:33]} 15. Nac2 {[%clk 01:22:08]} {[%emt
00:01:25]} Qf8 {[%clk 00:47:00]} {[%emt 00:13:44]} 16. a5 {[%clk 01:16:26]}
{[%emt 00:06:12]} a6 {[%clk 00:43:04]} {[%emt 00:04:26]} 17. Rf1 {[%clk
01:11:09]} {[%emt 00:05:46]} Rg8 {[%clk 00:34:04]} {[%emt 00:09:30]} 18. f3
{[%clk 01:07:11]} {[%emt 00:04:28]} gxf3 {[%clk 00:23:23]} {[%emt 00:11:11]}
19. Qxf3 {[%clk 01:06:23]} {[%emt 00:01:18]} Bg5 {[%clk 00:22:59]} {[%emt
00:00:54]} 20. Nf5 {[%clk 00:59:24]} {[%emt 00:07:29]} Nh7 {[%clk 00:18:05]}
{[%emt 00:05:25]} 21. Nh6 {[%clk 00:53:40]} {[%emt 00:06:14]} Be6 {[%clk
00:08:18]} {[%emt 00:10:16]} 22. Bxe6 {[%clk 00:53:37]} {[%emt 00:00:33]} fxe6
{[%clk 00:08:22]} {[%emt 00:00:26]} 23. Qh5+ {[%clk 00:53:57]} {[%emt
00:00:10]} 1-0